000 00322nam a22001337a 4500
008 181121b xxu||||| |||| 00| 0 eng d
020 _a9780071761604
041 _aeng
080 _25 TH
_a004
100 _a38
101 _aSHK
245 _aMicrosoft Sql Server 2012 A Beginners Guide
_cPetkoviq.D
942 _2udc
_cBK
999 _c52249
_d52249